|
|
|
|
| LEADER |
01156nam a22002777a 4500 |
| 001 |
32586 |
| 003 |
BD-DhAAL |
| 005 |
20211116112832.0 |
| 008 |
180116t2010 mnua bi 001 0 eng d |
| 999 |
|
|
|c 39005
|d 39005
|
| 020 |
|
|
|a 9780984404308
|
| 040 |
|
|
|a BD-DhAAL
|
| 082 |
|
|
|a 726.143
|
| 100 |
1 |
|
|a Phuoc, Le Huu,
|c architectural CAD draftsman.
|9 24854
|
| 245 |
1 |
0 |
|a Buddhist architecture /
|c Le Huu Phuoc
|
| 260 |
|
|
|a Lakeville, MN :
|b Grafikol,
|c 2010
|
| 300 |
|
|
|a 343 pages :
|b illustrations ;
|c 24 cm.
|
| 504 |
|
|
|a Includes bibliographical references (p. 302-324) and index.
|
| 505 |
|
|
|a Indus civilization -- Foundation of Buddhism -- Asoka pillar -- Monastery -- Rock-hewn cave -- Supa -- Temple -- Four holiest sites.
|
| 526 |
|
|
|a AAL
|
| 541 |
|
|
|a Development Book Agency
|e 32586
|
| 650 |
|
0 |
|a Buddhist architecture
|z India.
|9 24855
|
| 650 |
|
0 |
|a Architecture.
|9 42710
|
| 852 |
|
|
|a Ayesha Abed Library
|c General Stacks
|
| 942 |
|
|
|2 ddc
|c BK
|
| 952 |
|
|
|0 0
|1 0
|2 ddc
|4 0
|6 726_143000000000000_PHU
|7 0
|9 62599
|a BRACUL
|b BRACUL
|c GEN
|d 2018-01-14
|e Development Book Agency
|g 3700.00
|l 6
|m 53
|o 726.143 PHU
|p 3010032586
|r 2025-03-09
|s 2025-03-06
|t 1
|v 3700.00
|w 2018-01-14
|y BK
|